Szczegóły MARC21

Marketing : leksykon /

003 -Nazwa inst., której nr kontr. jest w polu 001 [,]
    • @
    • Nazwa instytucji, której n kontrolny jest w polu 001
    • NUKAT
005 -DATA I CZAS OSTATNIEJ MODYFIKACJI [,]
    • @
    • pole kontrolne
    • 20241231114042.0
020 -Międzynarod. znormalizowany nr książki - ISBN [ , ]
    • a
    • Numer ISBN
    • 8385881840 Find
040 -Instytucja sporządzająca opis [ , ]
    • a
    • Instytucja, która sporządziła opis (NP)
    • Ł U/BWES
    • c
    • Instytucja, która sporządziła rekord (NP)
    • Ł U/BWES
    • d
    • Instytucja, która zmodyfikowała rekord (P)
    • Ł U/AS
    • d
    • Instytucja, która zmodyfikowała rekord (P)
    • Ł U/MSs
    • d
    • Instytucja, która zmodyfikowała rekord (P)
    • GL 001/JK
041 -Język dokumentu [1, ]
    • a
    • Język tekstu (P)
    • polski
    • h
    • Język tekstu oryginalnego i/lub pośredniego (P)
    • angielski
942 -Rodzaj dokumentu [ , ]
    • c
    • Rodzaj dokumentu
    • Książka
245 -Strefa tytułu i oznaczenia odpowiedzialności [0,0]
    • a
    • Tytuł
    • Marketing : Find
    • b
    • Ciąg dalszy tytułu (NP)
    • leksykon / Find
    • c
    • Pozostałe elementy strefy tytułu i oznaczenia odpowiedzialności (NP)
    • [chief contributor Tim Hindle ; red. Barbara Żebrowska ; przekł.: Marek Szpanowski, Magdalena Jóźwicka].
246 -Wariant tytułu [1, ]
    • i
    • Tekst wyświetlany na ekranie monitora (NP)
    • Tyt. oryg.:
    • a
    • Tytuł (NP)
    • Pocket marketing
260 -Strefa adresu wydawniczego [ , ]
    • a
    • Miejsce wydania (P)
    • Warszawa :
    • b
    • Nazwa wydawcy (P)
    • Wydawnictwo Studio EMKA,
    • c
    • Data wydania (P)
    • cop. 1997.
300 -Strefa opisu fizycznego [ , ]
    • a
    • Określenie formy książki i/lub objętość (NP)
    • 254 s. ;
    • c
    • Format (NP)
    • 20 cm.
336 -Typ zawartości [ , ]
    • a
    • Termin opisujący typ zawartości
    • Tekst
    • b
    • Kod określający zawartość
    • txt
    • 2
    • Źródło (terminu i kodu)
    • rdacontent
337 -Typ mediów [ , ]
    • a
    • Tryb odtwarzania
    • Bez urządzenia pośredniczącego
    • b
    • Kod typu mediów
    • n
    • 2
    • Źródło (terminu i kodu)
    • rdamedia
338 -Typ/rodzaj nośnika [ , ]
    • a
    • Hasło opisujące typ nośnika
    • Wolumin
    • b
    • Kod typu nośnika
    • nc
    • 2
    • Źródło (terminu i kodu)
    • rdacarrier
490 -Strefa serii i książki wielotomowej - forma nie do wyszukiwania [1, ]
    • a
    • Tytuł (P)
    • The Economist Books Find
830 -Hasło dodatkowe serii i opisu książki wielotomowej - tytuł ujednolicony/tytuł [ ,4]
    • a
    • Tytuł ujednolicony/tytuł (NP)
    • The Economist Books
    • 9
    • KHW
    • 76473
504 -Uwaga dot. bibliogr. załącznikowej [ , ]
    • a
    • Uwaga dot. bibliografii załącznikowej
    • Indeks.
080 -Uniwersalna Klasyfikacja Dziesiętna [ , ]
    • a
    • Symbol klasyfikacji
    • 339.13(038)
650 -Hasło przedmiotowe [ ,7]
    • a
    • Hasło przedmiotowe
    • Marketing
    • v
    • Określnik formalny
    • słowniki.
    • 2
    • Źródło terminu
    • kaba
    • 9
    • KHW
    • 358054
980 -Symbol UKD [ , ]
    • a
    • UKD
    • 339.13(038)
700 -Hasło dodatkowe - nazwa osobowa [1, ]
    • a
    • Nazwa osobowa (NP)
    • Hindle, Tim. Find
    • e
    • Określenie rodzaju współpracy
    • Red.
    • 9
    • KHW
    • 548050
700 -Hasło dodatkowe - nazwa osobowa [1, ]
    • a
    • Nazwa osobowa (NP)
    • Żebrowska, Barbara. Find
    • e
    • Określenie rodzaju współpracy
    • Red.
    • 9
    • KHW
    • 548051
700 -Hasło dodatkowe - nazwa osobowa [1, ]
    • a
    • Nazwa osobowa (NP)
    • Szpanowski, Marek. Find
    • e
    • Określenie rodzaju współpracy
    • Tł.
    • 9
    • KHW
    • 548144
700 -Hasło dodatkowe - nazwa osobowa [1, ]
    • a
    • Nazwa osobowa (NP)
    • Jóźwicka, Magdalena. Find
    • e
    • Określenie rodzaju współpracy
    • Tł.
    • 9
    • KHW
    • 409634
710 -Hasło dodatkowe - nazwa ciała zbiorowego [2, ]
    • a
    • Nazwa ciała zbiorowego lub nazwa geograficzna jako pierwszy element (NP)
    • Studio Emka.
    • 4
    • Kod relacji
    • pbl
    • 9
    • KHW
    • 53455
920 -ISBN [ , ]
    • a
    • ISBN
    • 83-85881-84-0 Find
Lokalizacja Data inwentaryzacji Status udost. Numer inwentarzowy Sygnatura
BE1998-09-101E.65599 
BNS1998-10-141F.28499 
T1998-10-15-2T.79T.79